| LEADER |
01430ngm0a2200301 450 |
| 001 |
16844162 |
| 100 |
|
|
|a 20211126d2022 u u0frey01 ba
|
| 101 |
1 |
|
|a eng
|c eng
|
| 102 |
|
|
|a US
|
| 200 |
0 |
|
|a Respect
|f Liesl Tommy, réal.
|g Callie Khouri, Tracey Scott Wilson, adapt. - Kris Bowers, comp. - Tracey Scott Wilson, scénario - Jennifer Hudson, Forest Whitaker, Marlon Wayans, Tituss Burgess, Audra McDonald, Marc Maron, ... [et al.] act.
|
| 207 |
|
1 |
|a
|
| 210 |
|
|
|a Etats-Unis
|c Universal pictures vidéo
|d 2022
|
| 215 |
|
|
|a 1 DVD vidéo monoface zone 2 (2 h 19 min)
|c 2.39:1, 16/9, coul., (PAL), Son. (Dolby Digital 5.1; anglais; espagnol; français
|
| 300 |
|
|
|a Langues principales : anglais, espagnol, français; Sous-titres : allemand, espagnol, français, grec
|
| 330 |
|
|
|a Le film suit l'ascension de la carrière d'Aretha Franklin, de ses débuts d'enfant de choeur dans l'église de son père à sa renommée internationale.
|
| 700 |
|
0 |
|a Tommy
|b Liesl
|4 370
|
| 702 |
|
0 |
|a Khouri
|b Callie
|4 100
|
| 702 |
|
0 |
|a Scott Wilson
|b Tracey
|4 100
|
| 702 |
|
0 |
|a Bowers
|b Kris
|4 230
|
| 702 |
|
0 |
|a Hudson
|b Jennifer
|4 5
|
| 702 |
|
0 |
|a Whitaker
|b Forest
|4 5
|
| 702 |
|
0 |
|a Wayans
|b Marlon
|4 5
|
| 702 |
|
0 |
|a Burgess
|b Tituss
|4 5
|
| 702 |
|
0 |
|a McDonald
|b Audra
|4 5
|
| 702 |
|
0 |
|a Maron
|b Marc
|4 5
|
| 900 |
|
|
|a Film
|
| 901 |
|
|
|a Accessible au prêt
|
| 995 |
|
|
|a Bibliothèque
|c Bibliothèque
|f 00156010516730
|h 00156010516730
|k F TOM
|o p
|q a
|r gd
|e Bibliothèque
|